Champion de F1 - Statistiques

Statistiques générales
  • Ce quiz a été pris 262 fois
  • Le résultat moyen est 52 sur 72
Statistiques - réponses
Hint Réponse % Correct
2008 Lewis Hamilton
96%
2009 Lewis Hamilton
96%
2014 Lewis Hamilton
96%
2015 Lewis Hamilton
96%
2017 Lewis Hamilton
96%
2018 Lewis Hamilton
96%
2019 Lewis Hamilton
96%
2020 Lewis Hamilton
96%
2010 Sebastian Vettel
95%
2011 Sebastian Vettel
95%
2012 Sebastian Vettel
95%
2013 Sebastian Vettel
95%
2021 Max Verstappen
94%
1994 Michael Schumacher
92%
1995 Michael Schumacher
92%
2000 Michael Schumacher
92%
2001 Michael Schumacher
92%
2003 Michael Schumacher
92%
2004 Michael Schumacher
92%
2005 Fernando Alonso
91%
2006 Fernando Alonso
91%
1985 Alain Prost
88%
1986 Alain Prost
88%
1989 Alain Prost
88%
1993 Alain Prost
88%
1982 Keke Rosberg
88%
2016 Nico Rosberg
88%
1988 Ayrton Senna
87%
1990 Ayrton Senna
87%
1991 Ayrton Senna
87%
1951 Juan Manuel Fangio
81%
1954 Juan Manuel Fangio
81%
1955 Juan Manuel Fangio
81%
1956 Juan Manuel Fangio
81%
1957 Juan Manuel Fangio
81%
2007 Kimi Raikkonen
80%
1975 Niki Lauda
75%
1977 Niki Lauda
75%
1984 Niki Lauda
75%
1997 Jacques Villeneuve
73%
1996 Damon Hill
72%
1962 Graham Hill
72%
1968 Graham Hill
72%
1961 Phil Hill
72%
1952 Alberto Ascari
70%
1953 Alberto Ascari
70%
1998 Mika Hakkinen
70%
1999 Mika hakkinen
70%
1950 Giuseppe Farina
65%
1981 Nelson Piquet
62%
1983 Nelson Piquet
62%
1987 Nelson Piquet
62%
1976 James Hunt
59%
1969 Jackie Stewart
56%
1971 Jackie Stewart
56%
1973 Jackie Stewart
56%
1972 Emerson Fittipaldi
55%
1974 Emerson Fittipaldi
55%
1992 Nigel Mansell
55%
1959 Jack Brabham
50%
1960 Jack Brabham
50%
1966 Jack Brabham
50%
1963 Jim Clark
48%
1965 Jim Clark
48%
1979 Jody Scheckter
43%
1980 Alan Jones
41%
1978 Mario Andretti
39%
1970 Jochen Rindt
38%
1958 Mike Hawthorn
38%
1967 Denny Hulme
36%
1964 John Surteen
2%
2002 Michael Schuamcher
1%
Aucun quiz correspondant
Distribution des résultats
% des personnes avec chaque résultat
Percentile par nombre de réponses
Votre historique - résultats
Vous n’avez pas pris ce quiz